| 000 | 00541nam a22001817a 4500 | ||
|---|---|---|---|
| 999 |
_c192377 _d192377 |
||
| 010 | _aENG-135139 | ||
| 020 |
_c500.00 _a9789382623663 |
||
| 035 | _aEN-118671 | ||
| 037 | _bDBAD / PUB | ||
| 082 | _a954.52 | ||
| 100 | _aMukhopadhyay,Srinwanti | ||
| 245 |
_aGrowth of kolkata: _cby Srinwanti Mukhopadhyay _ban ecological disaster/ |
||
| 260 |
_bReaders service _c2016 _aKolkata |
||
| 270 |
_bKolkata _a59/5A,Garfa Main Road, _e700075 |
||
| 300 |
_a144p. _c22cm(Hb) |
||
| 650 | _aSikhism | ||
| 942 |
_2ddc _cEN _mMUK _h954.52 |
||